[Event "III Festival A"]
[Site "Bisaccia ITA"]
[Date "2011.06.03"]
[Round "3"]
[White "Luongo, Antonio"]
[Black "Vargiu, Antonio"]
[Result "0-1"]
[WhiteElo "1598"]
[BlackElo "1841"]
[PlyCount "60"]
[EventDate "2011.06.02"]

1. d4 e6 2. c4 d5 3. Nf3 Nd7 4. cxd5 exd5 5. Nc3 c6 6. Bg5 Ngf6 7. e3 Bd6 8.
Be2 O-O 9. O-O Re8 10. Qb3 Nb6 11. Rac1 Bf5 12. a3 h6 13. Bxf6 Qxf6 14. Rfe1
Re7 15. g3 Bg4 16. Nd2 Bxe2 17. Rxe2 Qg6 18. Qc2 f5 19. Nf3 Rf8 20. Na4 Nxa4
21. Qxa4 Qg4 22. Kg2 f4 23. h3 Qf5 24. Qc2 Qe4 25. Qxe4 dxe4 26. exf4 exf3+ 27.
Kxf3 Rf5 28. Rg1 Rh5 29. Kg4 Rb5 30. b4 a5 0-1

[Event "III Festival A"]
[Site "Bisaccia ITA"]
[Date "2011.06.03"]
[Round "3"]
[White "Moscarino, Carlo"]
[Black "Gambardella, Piero"]
[Result "1-0"]
[WhiteElo "1622"]
[BlackElo "1973"]
[PlyCount "77"]
[EventDate "2011.06.02"]

1. e4 e6 2. Nc3 d5 3. d4 Bb4 4. e5 c5 5. a3 Bxc3+ 6. bxc3 Ne7 7. Nf3 Nbc6 8.
Be2 Qa5 9. Bd2 O-O 10. a4 Bd7 11. O-O c4 12. h3 f6 13. exf6 Rxf6 14. Bg5 Rf7
15. Qd2 Raf8 16. Bh4 Nf5 17. Bg3 Nxg3 18. fxg3 Qc7 19. Qg5 Rf5 20. Qh4 Qa5 21.
g4 Rf4 22. g3 Rxf3 23. Bxf3 Qxc3 24. Bg2 Qxd4+ 25. Kh2 Rxf1 26. Rxf1 Be8 27.
Qg5 Bg6 28. Qc1 Qc3 29. Qf4 h6 30. h4 Qxc2 31. h5 Bd3 32. Rf2 Qc3 33. Qf8+ Kh7
34. Qe8 Ne5 35. Rf8 Nxg4+ 36. Kh3 Nf2+ 37. Rxf2 Qe5 38. Rf8 Bf5+ 39. Kh2 1-0

[Event "III Festival A"]
[Site "Bisaccia ITA"]
[Date "2011.06.03"]
[Round "3"]
[White "Santeramo, Alessia Carmen"]
[Black "Di Rito, Giuseppe"]
[Result "1-0"]
[WhiteElo "1667"]
[BlackElo "1693"]
[PlyCount "57"]
[EventDate "2011.06.02"]

1. e4 c5 2. Nf3 e6 3. c3 d5 4. e5 Qb6 5. d4 Nc6 6. a3 Bd7 7. b4 cxb4 8. cxb4
Nge7 9. Be3 Nf5 10. Be2 Nxe3 11. fxe3 Be7 12. O-O O-O 13. Nbd2 Rac8 14. Qe1 a6
15. Qg3 Na7 16. Ng5 h6 17. Nh3 Bb5 18. Bxb5 Nxb5 19. Nf4 Kh7 20. Nh5 g6 21.
Nf6+ Bxf6 22. Rxf6 Rc2 23. Raf1 Kg7 24. Qf3 Rc7 25. Nb3 Re7 26. Rxg6+ Kxg6 27.
Qf6+ Kh7 28. Qxe7 Qd8 29. Rxf7+ 1-0

[Event "III Festival A"]
[Site "Bisaccia ITA"]
[Date "2011.06.03"]
[Round "3"]
[White "Stromboli, Carlo"]
[Black "Stromboli, Ettore"]
[Result "1/2-1/2"]
[WhiteElo "2306"]
[BlackElo "2297"]
[PlyCount "27"]
[EventDate "2011.06.02"]

1. e4 c5 2. Nf3 Nc6 3. Nc3 Nf6 4. Bb5 Nd4 5. Bc4 e6 6. e5 d5 7. exf6 dxc4 8.
fxg7 Bxg7 9. Ne4 Qd5 10. d3 cxd3 11. cxd3 Bd7 12. Bh6 Nxf3+ 13. Qxf3 Bxb2 14.
Rc1 1/2-1/2

[Event "III Festival A"]
[Site "Bisaccia ITA"]
[Date "2011.06.03"]
[Round "3"]
[White "Varvaglione, Antonio"]
[Black "Mazza, Daniele"]
[Result "0-1"]
[WhiteElo "1932"]
[BlackElo "1823"]
[PlyCount "44"]
[EventDate "2011.06.02"]

1. e4 c5 2. Nf3 d6 3. d4 cxd4 4. Nxd4 Nf6 5. Nc3 a6 6. Bc4 e6 7. O-O Be7 8. Qf3
O-O 9. Qg3 Nc6 10. Nxc6 bxc6 11. Bh6 Ne8 12. Rad1 Bh4 13. Qg4 e5 14. Qh5 gxh6
15. Qxh6 Qg5 16. Qxg5+ Bxg5 17. Rd3 Be7 18. Na4 Rb8 19. Rfd1 Be6 20. Rg3+ Kh8
21. Bxe6 fxe6 22. Rdd3 Rb4 0-1

[Event "III Festival A"]
[Site "Bisaccia ITA"]
[Date "2011.06.04"]
[Round "4"]
[White "Altini, Nicola"]
[Black "Aleksic, Nenad"]
[Result "1-0"]
[WhiteElo "2206"]
[BlackElo "2355"]
[PlyCount "56"]
[EventDate "2011.06.02"]

1. Nf3 b6 2. g3 Bb7 3. Bg2 c5 4. c4 Nf6 5. Nc3 e6 6. O-O Be7 7. Re1 d6 8. a4 a6
9. d4 cxd4 10. Nxd4 Qc7 11. Be3 O-O 12. Rc1 Nbd7 13. f4 Rfe8 14. g4 Nc5 15. Bf2
g6 16. b4 Ncd7 17. Nd5 exd5 18. cxd5 Nc5 19. bxc5 bxc5 20. Nb3 Rad8 21. Bf3 Ba8
22. g5 Nd7 23. h4 Bf8 24. h5 Rb8 25. hxg6 hxg6 26. Kg2 Bg7 27. Bd4 Qb6 28. Bxg7
Kxg7 1-0

[Event "III Festival A"]
[Site "Bisaccia ITA"]
[Date "2011.06.04"]
[Round "4"]
[White "Altini, Ruggiero"]
[Black "Colucci, Stefano"]
[Result "1-0"]
[WhiteElo "1774"]
[BlackElo "1925"]
[PlyCount "155"]
[EventDate "2011.06.02"]

1. e4 e6 2. d3 d5 3. Nd2 c5 4. Ngf3 Nc6 5. g3 Nf6 6. Bg2 Be7 7. O-O b5 8. Re1
a5 9. e5 Nd7 10. Nf1 Qc7 11. Bf4 d4 12. h4 Nb6 13. Ng5 Bb7 14. Be4 Bxg5 15.
hxg5 O-O-O 16. a4 Nxa4 17. Rxa4 bxa4 18. Nd2 Ne7 19. Bxb7+ Qxb7 20. Nc4 Nf5 21.
Bd2 Kd7 22. Bxa5 h5 23. Bxd8 Kxd8 24. Qd2 h4 25. g4 h3 26. Re4 Nh4 27. Qa5+ Qc7
28. Qa8+ Qc8 29. Qxa4 Nf3+ 30. Kh1 Nxg5 31. Nd6 Qb8 32. Qa5+ Ke7 33. Re1 Qa8+
34. Qxa8 Rxa8 35. Nb7 Nf3 36. Rb1 Rc8 37. Nd6 Rc7 38. Nc4 Rc8 39. Ra1 Rc7 40.
Ra8 f6 41. exf6+ gxf6 42. Rh8 Ng5 43. f4 Nf7 44. Rxh3 Ra7 45. Kg2 Ra2 46. Kf3
e5 47. Rh7 exf4 48. Kxf4 Ke6 49. Rh1 Ra6 50. Re1+ Kd7 51. c3 dxc3 52. bxc3 Ra2
53. Nb6+ Kd6 54. Nc4+ Kd7 55. Ke4 Ke6 56. d4 cxd4 57. Kxd4+ Kd7 58. Kd5 Nh6 59.
Rg1 Rc2 60. Kd4 Nf7 61. Rf1 Rg2 62. Ne3 Rd2+ 63. Kc5 Rd3 64. Rd1 Rxd1 65. Nxd1
Ne5 66. Ne3 Ke6 67. Kd4 Nc6+ 68. Ke4 Ne5 69. Kf4 Nd3+ 70. Ke4 Nf2+ 71. Kd4 Kd6
72. c4 Kc6 73. c5 Nh3 74. Nd5 Ng5 75. Nb4+ Kc7 76. Kd5 Nf7 77. Kd4 Ne5 78. Nd5+
1-0

[Event "III Festival A"]
[Site "Bisaccia ITA"]
[Date "2011.06.04"]
[Round "4"]
[White "Borino, Paolo"]
[Black "Franciosi, Claudio"]
[Result "1-0"]
[WhiteElo "1913"]
[BlackElo "1710"]
[PlyCount "73"]
[EventDate "2011.06.02"]

1. f4 Nf6 2. b3 e6 3. Bb2 b6 4. Nf3 Nc6 5. e3 Be7 6. Bd3 Nb4 7. Be2 Bb7 8. O-O
O-O 9. Nc3 Nbd5 10. Qe1 Nxc3 11. Bxc3 Nd5 12. Bb2 Bf6 13. c3 c5 14. g4 Nb4 15.
Qc1 Nd5 16. g5 Be7 17. Qe1 f6 18. h4 e5 19. Qg3 fxg5 20. fxg5 d6 21. h5 Rf5 22.
c4 e4 23. Nh2 Rxg5 24. Ng4 Nf6 25. Rf5 Nxh5 26. Qf2 Rxf5 27. Qxf5 Ng3 28. Nh6+
gxh6 29. Qg4+ Bg5 30. Qxg3 Qe7 31. Bg4 Rf8 32. Bh5 d5 33. Be5 Rf5 34. Bd6 Qf6
35. Rd1 Qg7 36. Bg4 Bf6 37. Bxf5 1-0

[Event "III Festival A"]
[Site "Bisaccia ITA"]
[Date "2011.06.04"]
[Round "4"]
[White "Cocozza, Mario"]
[Black "Buiano, Fabio"]
[Result "1-0"]
[WhiteElo "2345"]
[BlackElo "2108"]
[PlyCount "101"]
[EventDate "2011.06.02"]

1. e4 d6 2. d4 Nf6 3. Nc3 c6 4. Nf3 Bg4 5. a4 e6 6. h3 Bh5 7. Bd3 d5 8. O-O Be7
9. e5 Nfd7 10. Re1 Bg6 11. Ne2 O-O 12. Bxg6 hxg6 13. Be3 c5 14. Qd2 Nc6 15.
Rad1 c4 16. Bg5 Re8 17. Qf4 Nf8 18. Qh4 Nb4 19. Rd2 Qd7 20. Nf4 Bxg5 21. Nxg5
Qxa4 22. Re3 Nxc2 23. Nxg6 fxg6 24. Rf3 Nb4 25. Rxf8+ Kxf8 26. Qh8+ Ke7 27.
Qxg7+ Kd8 28. Nf7+ Kc7 29. Nd6+ Qd7 30. Nxe8+ Rxe8 31. Qxg6 Nd3 32. g3 Qa4 33.
f4 Nxb2 34. Rxb2 Qa1+ 35. Rb1 Qxd4+ 36. Kg2 Qe4+ 37. Qxe4 dxe4 38. Rb4 b5 39.
Rxb5 Kc6 40. Ra5 Rb8 41. Kf2 c3 42. Ra3 Rb2+ 43. Ke3 c2 44. Kd2 Kd5 45. Kc1
Rb1+ 46. Kxc2 Rh1 47. Ra6 Kd4 48. Rd6+ Ke3 49. f5 exf5 50. e6 Kf2 51. e7 1-0

[Event "III Festival A"]
[Site "Bisaccia ITA"]
[Date "2011.06.04"]
[Round "4"]
[White "Coico, Pompeo"]
[Black "Crafa, Carmine"]
[Result "0-1"]
[WhiteElo "1608"]
[BlackElo "1803"]
[PlyCount "114"]
[EventDate "2011.06.02"]

1. d4 d5 2. Nf3 Nf6 3. g3 g6 4. Bg2 Bg7 5. O-O O-O 6. c4 c6 7. Nc3 dxc4 8. Ne5
Ng4 9. Nxg4 Bxg4 10. h3 Be6 11. e3 Nd7 12. Re1 Nb6 13. Bd2 Qd7 14. Kh2 Rfd8 15.
Ne4 Qc7 16. Rc1 f5 17. Nc5 Bf7 18. Ba5 e5 19. Bc3 Nd7 20. Qa4 Nxc5 21. dxc5 Qe7
22. b4 cxb3 23. axb3 a6 24. b4 Rd7 25. Red1 Rad8 26. Rxd7 Qxd7 27. Bf3 Qc7 28.
Qa1 Bd5 29. Be2 e4 30. Rd1 Bxc3 31. Qxc3 Bf7 32. Rb1 Rd7 33. Rb2 Qd8 34. Kg2
Qf8 35. Rd2 Rxd2 36. Qxd2 Qe7 37. Qd4 Be6 38. h4 Qd7 39. Bc4 Qf7 40. Be2 Kf8
41. Qd8+ Kg7 42. Qd6 Kg8 43. Qb8+ Kg7 44. Qd6 h6 45. Bxa6 bxa6 46. Qxc6 Bc4 47.
Qb6 Qd7 48. c6 Qd2 49. Qd4+ Qxd4 50. exd4 Kf8 51. c7 Be6 52. Kf1 Ke7 53. d5 Bc8
54. Ke2 Kd6 55. Kd2 Kxd5 56. Kc3 Kc6 57. Kc4 Kxc7 0-1

[Event "III Festival A"]
[Site "Bisaccia ITA"]
[Date "2011.06.04"]
[Round "4"]
[White "Della Corte, Alessandro"]
[Black "Fezza, Davide"]
[Result "1-0"]
[WhiteElo "2253"]
[BlackElo "2141"]
[PlyCount "65"]
[EventDate "2011.06.02"]

1. c4 Nf6 2. Nf3 g6 3. d4 Bg7 4. Nc3 O-O 5. e4 d6 6. Be2 e5 7. O-O Nc6 8. d5
Ne7 9. a4 a5 10. Ne1 Nd7 11. Nd3 f5 12. f3 f4 13. b3 g5 14. Ba3 b6 15. b4 Rf6
16. bxa5 Rxa5 17. Bb4 Ra8 18. a5 c5 19. dxc6 Nxc6 20. Nb5 Nc5 21. Nxc5 Nxb4 22.
Nb3 bxa5 23. Qd2 Bb7 24. Nxa5 Rxa5 25. Qxb4 Rxa1 26. Rxa1 Qb6+ 27. c5 dxc5 28.
Bc4+ Kh8 29. Qd2 h5 30. Qd7 Bc6 31. Qc8+ Rf8 32. Qe6 Qb7 33. Ra7 1-0

[Event "III Festival A"]
[Site "Bisaccia ITA"]
[Date "2011.06.04"]
[Round "4"]
[White "Di Rito, Giuseppe"]
[Black "Vena, Alessio"]
[Result "1/2-1/2"]
[WhiteElo "1693"]
[BlackElo "1899"]
[PlyCount "64"]
[EventDate "2011.06.02"]

1. e4 e5 2. Nf3 Nc6 3. Bc4 Bc5 4. O-O Nf6 5. d4 exd4 6. e5 d5 7. Bb5 Ne4 8.
Nxd4 O-O 9. Nxc6 bxc6 10. Bxc6 Ba6 11. Qxd5 Qxd5 12. Bxd5 Rad8 13. c4 Bxc4 14.
Bxc4 Nxf2 15. Nc3 Nh3+ 16. Kh1 Nf2+ 17. Rxf2 Bxf2 18. b3 Bd4 19. Bb2 Bxe5 20.
Na4 Bxb2 21. Nxb2 Rd2 22. Na4 Rfd8 23. h3 Rc2 24. Re1 Kf8 25. Nc5 Rdd2 26. a4
g6 27. Rg1 Kg7 28. Na6 Rd7 29. Nc5 Rdd2 30. Na6 Rd7 31. Nc5 Rdd2 32. Na6 Rd7
1/2-1/2

[Event "III Festival A"]
[Site "Bisaccia ITA"]
[Date "2011.06.04"]
[Round "4"]
[White "Dragojlovic, Andjelko"]
[Black "Messina, Enrico"]
[Result "1-0"]
[WhiteElo "2367"]
[BlackElo "2127"]
[PlyCount "30"]
[EventDate "2011.06.02"]

1. Nf3 g6 2. e4 Bg7 3. d4 c5 4. c3 cxd4 5. cxd4 d5 6. e5 Nc6 7. Nc3 f6 8. Bb5
Bg4 9. exf6 exf6 10. O-O Nge7 11. h3 Bf5 12. Re1 O-O 13. a3 Kh8 14. Bf4 g5 15.
Bh2 Bg6 1-0

[Event "III Festival A"]
[Site "Bisaccia ITA"]
[Date "2011.06.04"]
[Round "4"]
[White "Festa, Salvatore"]
[Black "Luongo, Antonio"]
[Result "1/2-1/2"]
[WhiteElo "1650"]
[BlackElo "1598"]
[PlyCount "49"]
[EventDate "2011.06.02"]

1. d4 Nf6 2. Bg5 b6 3. Bxf6 exf6 4. Nf3 Bb7 5. e3 Bb4+ 6. c3 Be7 7. Be2 O-O 8.
O-O d6 9. Nfd2 c5 10. Bf3 Bxf3 11. Nxf3 Re8 12. Re1 f5 13. Nbd2 Nd7 14. Qc2 g6
15. Rad1 Qc7 16. Qd3 Rad8 17. Qa6 Nf6 18. Qd3 Qb7 19. e4 fxe4 20. Nxe4 Nxe4 21.
Qxe4 Qxe4 22. Rxe4 Bf8 23. Rde1 Rxe4 24. Rxe4 Rd7 25. Kf1 1/2-1/2

[Event "III Festival A"]
[Site "Bisaccia ITA"]
[Date "2011.06.04"]
[Round "4"]
[White "Fiore, Antonio"]
[Black "Capone, Vincenzo"]
[Result "1-0"]
[WhiteElo "1742"]
[BlackElo "2128"]
[PlyCount "51"]
[EventDate "2011.06.02"]

1. d4 Nf6 2. c4 g6 3. Nc3 Bg7 4. Nf3 d6 5. g3 O-O 6. Bg2 Nc6 7. O-O h6 8. h3 e5
9. e4 exd4 10. Nxd4 Nxd4 11. Qxd4 Re8 12. Qd3 Nd7 13. f4 Nc5 14. Qc2 f5 15. Re1
Be6 16. Be3 fxe4 17. Bxc5 dxc5 18. Bxe4 Bxh3 19. Bxg6 Rxe1+ 20. Rxe1 a6 21.
Re8+ Qxe8 22. Bxe8 Rxe8 23. Kh2 Be6 24. b3 h5 25. f5 Bc8 26. f6 1-0

[Event "III Festival A"]
[Site "Bisaccia ITA"]
[Date "2011.06.04"]
[Round "4"]
[White "Franciosi, Fausto"]
[Black "Altini, Daniele"]
[Result "1/2-1/2"]
[WhiteElo "2054"]
[BlackElo "2256"]
[PlyCount "71"]
[EventDate "2011.06.02"]

1. d4 Nf6 2. c4 e6 3. Nf3 b6 4. g3 Ba6 5. Qa4 c6 6. Bg2 Be7 7. Nc3 O-O 8. O-O
d6 9. Rd1 Nfd7 10. Be3 f5 11. h4 h6 12. d5 cxd5 13. Nd2 Nf6 14. cxd5 e5 15. Nc4
Ng4 16. Bd2 Bxc4 17. Qxc4 Nd7 18. b4 Rc8 19. Qb3 f4 20. Ne4 b5 21. a4 bxa4 22.
Rxa4 fxg3 23. fxg3 Qb6+ 24. e3 Nc5 25. Nxc5 Rxc5 26. Rxa7 Qxa7 27. bxc5 Qxc5
28. Rc1 Qa7 29. Rf1 Rb8 30. Qd3 Qa2 31. Bc1 Rf8 32. Rxf8+ Bxf8 33. Qd2 Qc4 34.
Bf3 Nf6 35. Bb2 Be7 36. Qc3 1/2-1/2

[Event "III Festival A"]
[Site "Bisaccia ITA"]
[Date "2011.06.04"]
[Round "4"]
[White "Kizov, Atanas"]
[Black "Stromboli, Carlo"]
[Result "1-0"]
[WhiteElo "2392"]
[BlackElo "2306"]
[PlyCount "77"]
[EventDate "2011.06.02"]

1. d4 Nf6 2. c4 e6 3. g3 c5 4. d5 b5 5. dxe6 fxe6 6. Bg2 d5 7. cxd5 Bb7 8. Nh3
exd5 9. Bg5 Bc6 10. O-O d4 11. e4 dxe3 12. Qxd8+ Kxd8 13. Bxe3 Bxg2 14. Kxg2
Bd6 15. Nc3 a6 16. Rad1 Kc7 17. Ng5 Re8 18. Nf7 Bf8 19. Bf4+ Kb7 20. Nd6+ Bxd6
21. Rxd6 Nc6 22. Nd5 Nxd5 23. Rxd5 Kb6 24. Be3 Rad8 25. Bxc5+ Kc7 26. Rxd8 Rxd8
27. Be3 Nb4 28. a3 Nd5 29. Bc1 Re8 30. Rd1 Kc6 31. Kf1 Re4 32. b3 a5 33. Bb2 g6
34. Rd4 Re8 35. h4 Kc5 36. Rd2 Re4 37. Rc2+ Kd6 38. Re2 Rg4 39. f3 1-0

[Event "III Festival A"]
[Site "Bisaccia ITA"]
[Date "2011.06.04"]
[Round "4"]
[White "Mazza, Daniele"]
[Black "Di Lascio, Savino"]
[Result "1/2-1/2"]
[WhiteElo "1823"]
[BlackElo "1976"]
[PlyCount "112"]
[EventDate "2011.06.02"]

1. d4 Nf6 2. c4 c5 3. d5 b5 4. cxb5 a6 5. b6 g6 6. Nc3 d6 7. e4 Bg7 8. Nf3 Nbd7
9. Bd3 Bb7 10. O-O O-O 11. Qe2 Qxb6 12. Nd2 Rfb8 13. Nc4 Qc7 14. f4 e6 15. dxe6
fxe6 16. f5 exf5 17. exf5 Re8 18. Qc2 Ne5 19. Nxe5 dxe5 20. fxg6 c4 21. gxh7+
Kh8 22. Be4 Qc5+ 23. Kh1 Nxe4 24. Nxe4 Qd4 25. Ng5 e4 26. Bd2 Bd5 27. Bc3 Qa7
28. Rad1 Rad8 29. Rxd5 Rxd5 30. Qxe4 Qd7 31. Bxg7+ Kxg7 32. Qh4 Qf5 33. Nf3
Qxh7 34. Qxc4 Qd3 35. Qg4+ Qg6 36. Qc4 Rf5 37. Qc7+ Rf7 38. Qc3+ Kg8 39. h3
Ree7 40. Rd1 Rg7 41. Qc4+ Kh7 42. Qh4+ Qh6 43. Qc4 Qf6 44. Qc2+ Rg6 45. b4 Reg7
46. Rg1 Kh8 47. Qc8+ Rg8 48. Qc2 Rg3 49. Qe2 Qc3 50. Nh4 R3g5 51. Qxa6 Kh7 52.
Qb7+ R8g7 53. Qe4+ Kh8 54. Qe8+ Kh7 55. Qe4+ Kh8 56. Qe8+ Kh7 1/2-1/2

[Event "III Festival A"]
[Site "Bisaccia ITA"]
[Date "2011.06.04"]
[Round "4"]
[White "Moscarino, Carlo"]
[Black "Santeramo, Alessia Carmen"]
[Result "0-1"]
[WhiteElo "1622"]
[BlackElo "1667"]
[PlyCount "74"]
[EventDate "2011.06.02"]

1. e4 c5 2. Nf3 e6 3. d4 cxd4 4. Nxd4 a6 5. Nc3 Qc7 6. Bd3 Nf6 7. O-O Be7 8.
Nf3 d6 9. Re1 Nbd7 10. Ne2 b6 11. Ng3 Bb7 12. Bd2 O-O 13. h3 Rac8 14. c3 b5 15.
a3 Nc5 16. Bc2 Rfd8 17. Nh2 d5 18. e5 Nfe4 19. Qh5 g6 20. Qe2 Nxg3 21. fxg3 Ne4
22. Bxe4 dxe4 23. Ng4 h5 24. Nh6+ Kg7 25. Qf2 Bc5 26. Be3 Bxe3 27. Qxe3 Qxe5
28. Rf1 f5 29. Kh2 h4 30. Rf4 Rd3 31. Qa7 hxg3+ 32. Kh1 Qxf4 33. Qxb7+ Rc7 34.
Qb8 Kxh6 35. Qh8+ Kg5 36. Qf8 Kh5 37. Qf6 Qd6 0-1

[Event "III Festival A"]
[Site "Bisaccia ITA"]
[Date "2011.06.04"]
[Round "4"]
[White "Santeramo, Domenico"]
[Black "Cipollaro, Giovanni"]
[Result "0-1"]
[WhiteElo "1994"]
[BlackElo "1840"]
[PlyCount "100"]
[EventDate "2011.06.02"]

1. e4 c6 2. d4 d5 3. e5 c5 4. c3 Nc6 5. Bb5 Bf5 6. Qa4 Qc7 7. Nf3 e6 8. O-O a6
9. Be3 Rc8 10. Be2 Qb6 11. b3 Bxb1 12. Raxb1 cxd4 13. Nxd4 Bc5 14. Nxc6 bxc6
15. Bxc5 Qxc5 16. b4 Qb6 17. Qxa6 Qxa6 18. Bxa6 Rb8 19. a4 Ne7 20. a5 Ra8 21.
Bd3 Kd7 22. Ra1 Rhb8 23. Ra3 c5 24. Rb1 Nc6 25. b5 Nxe5 26. Be2 Kd6 27. b6 c4
28. Bd1 Nd7 29. Raa1 Nc5 30. Bc2 g6 31. f4 Ra6 32. Kf2 Nb7 33. Rb5 Rba8 34. Ke3
Rxa5 35. Raxa5 Rxa5 36. Rb2 Kc5 37. g4 Ra6 38. g5 Rxb6 39. Rxb6 Kxb6 40. Kd4
Nd6 41. Ke5 Nb5 42. Kf6 Nxc3 43. Kxf7 d4 44. Bxg6 hxg6 45. Kxg6 d3 46. Kf7 d2
47. g6 d1=Q 48. g7 Qh5+ 49. Kf8 Qf5+ 50. Ke8 Qg6+ 0-1

[Event "III Festival A"]
[Site "Bisaccia ITA"]
[Date "2011.06.04"]
[Round "4"]
[White "Stromboli, Ettore"]
[Black "Fiore, Mario"]
[Result "1/2-1/2"]
[WhiteElo "2297"]
[BlackElo "2232"]
[PlyCount "40"]
[EventDate "2011.06.02"]

1. e4 e6 2. d4 d5 3. e5 c5 4. c3 Nc6 5. Be3 cxd4 6. cxd4 Qb6 7. Qd2 Nh6 8. Nf3
Nf5 9. Be2 Be7 10. O-O f6 11. Nc3 fxe5 12. Nxe5 O-O 13. Na4 Qc7 14. Rac1 Bd6
15. Nf3 Nxe3 16. fxe3 Qe7 17. Nc5 b6 18. Nd3 Bb7 19. Rc2 Rac8 20. a3 a5 1/2-1/2

[Event "III Festival A"]
[Site "Bisaccia ITA"]
[Date "2011.06.04"]
[Round "4"]
[White "Vargiu, Antonio"]
[Black "Sellitti, Luca"]
[Result "0-1"]
[WhiteElo "1841"]
[BlackElo "1971"]
[PlyCount "100"]
[EventDate "2011.06.02"]

1. e4 c5 2. c3 d5 3. exd5 Qxd5 4. Nf3 Bg4 5. Be2 e5 6. d4 e4 7. Ne5 Bxe2 8.
Qxe2 cxd4 9. cxd4 Bb4+ 10. Bd2 Bxd2+ 11. Nxd2 Nf6 12. O-O Qxd4 13. Qb5+ Nbd7
14. Nxd7 Qxd7 15. Qe5+ Qe7 16. Qxe7+ Kxe7 17. Rfe1 Rhd8 18. Nxe4 Nxe4 19. Rxe4+
Kf6 20. Rb4 b6 21. Rc1 Rac8 22. Rf1 Rd2 23. a4 Rcc2 24. b3 Rb2 25. Rf4+ Ke6 26.
Rf3 f6 27. g3 Kd6 28. Rc1 Rbc2 29. Re1 a5 30. Kg2 Rc7 31. h4 Rdc2 32. Ree3 Kc5
33. Rf4 Rd7 34. Rf5+ Kc6 35. Re6+ Rd6 36. Re3 g6 37. Rf4 f5 38. Re8 Rd7 39.
Re6+ Kc5 40. Re5+ Rd5 41. Re7 Rb2 42. Re3 Rd4 43. Rff3 Kb4 44. Re5 Ka3 45. Rb5
Rb4 46. Rxb4 Kxb4 47. h5 Rxb3 48. hxg6 hxg6 49. Rf4+ Kc5 50. g4 Rb4 0-1

[Event "III Festival A"]
[Site "Bisaccia ITA"]
[Date "2011.06.04"]
[Round "4"]
[White "Varvaglione, Antonio"]
[Black "Pelyushenko, Vladyslav"]
[Result "1-0"]
[WhiteElo "1932"]
[BlackElo "1800"]
[PlyCount "61"]
[EventDate "2011.06.02"]

1. e4 c5 2. Nf3 d6 3. d4 cxd4 4. Nxd4 Nf6 5. Nc3 a6 6. Bc4 e6 7. O-O Be7 8. Bb3
Nbd7 9. Bxe6 Nc5 10. Bxc8 Rxc8 11. Re1 O-O 12. Nf5 Ne6 13. Nd5 Re8 14. Nfxe7+
Rxe7 15. Nxe7+ Qxe7 16. c3 Qc7 17. Qf3 Qc4 18. Bf4 d5 19. exd5 Nxd5 20. Bg3 Qc6
21. Rad1 Nf6 22. Qxc6 Rxc6 23. Re2 h6 24. Be5 Ng4 25. f3 Nxe5 26. Rxe5 b5 27.
Red5 b4 28. cxb4 Nf4 29. Rc5 Rg6 30. Kf1 Ne6 31. Rc6 1-0

[Event "III Festival A"]
[Site "Bisaccia ITA"]
[Date "2011.06.04"]
[Round "4"]
[White "Vena, Antonio"]
[Black "Consalvo, Gerardo"]
[Result "0-1"]
[WhiteElo "1774"]
[BlackElo "2004"]
[PlyCount "106"]
[EventDate "2011.06.02"]

1. e4 c5 2. Nf3 e6 3. d3 d5 4. Nbd2 Nc6 5. g3 Nf6 6. Bg2 Be7 7. O-O Qc7 8. c3
b6 9. Re1 Bb7 10. a3 O-O-O 11. b4 Nd7 12. exd5 exd5 13. b5 Nce5 14. Nxe5 Nxe5
15. Nf3 Ng6 16. d4 h5 17. Bh3+ Kb8 18. Ne5 Bd6 19. Qf3 Bxe5 20. dxe5 d4 21. Qd3
c4 22. Qf5 Bc8 23. e6 h4 24. Bg5 Rd6 25. Bg2 hxg3 26. hxg3 Bxe6 27. Qe4 Bd5 28.
Qf5 Bxg2 29. Kxg2 Qc8 30. Qxc8+ Rxc8 31. cxd4 Rxd4 32. Red1 Rxd1 33. Rxd1 c3
34. Rd7 Rc7 35. Rd8+ Kb7 36. Rg8 f6 37. Bc1 Ne5 38. Rd8 Rd7 39. Rxd7+ Nxd7 40.
Kf3 Kc7 41. Bf4+ Ne5+ 42. Bxe5+ fxe5 43. Ke3 Kd6 44. Kd3 c2 45. Kxc2 Kc5 46.
Kc3 Kxb5 47. Kb3 Kc5 48. Kc3 b5 49. f3 g5 50. Kd3 Kd5 51. Kc3 a5 52. Kd3 b4 53.
axb4 axb4 0-1

[Event "III Festival A"]
[Site "Bisaccia ITA"]
[Date "2011.06.04"]
[Round "4"]
[White "Zinnai, Graziano Matteo"]
[Black "D'Aquino, Ugo"]
[Result "0-1"]
[WhiteElo "1836"]
[BlackElo "1941"]
[PlyCount "90"]
[EventDate "2011.06.02"]

1. e4 c5 2. Nf3 Nc6 3. d3 g6 4. c3 Bg7 5. Nbd2 e5 6. g3 Nge7 7. Bg2 O-O 8. O-O
d5 9. Re1 Kh8 10. exd5 Nxd5 11. Nc4 f6 12. d4 cxd4 13. cxd4 Nb6 14. Nxb6 Qxb6
15. dxe5 fxe5 16. Qe2 Bg4 17. Be3 Qc7 18. h3 Be6 19. Red1 Qa5 20. Bd2 Qc7 21.
Bc3 Rae8 22. b4 Nd4 23. Nxd4 exd4 24. Bxd4 Bb3 25. Bxg7+ Qxg7 26. Qxe8 Rxe8 27.
axb3 a6 28. Rac1 Rf8 29. Rd3 Qb2 30. Rf1 Rf7 31. h4 Qa3 32. Rd8+ Kg7 33. Bd5
Re7 34. Rg8+ Kf6 35. Rf8+ Ke5 36. Re1+ Kd6 37. Rxe7 Kxe7 38. Rb8 Kd6 39. Bg2 b5
40. Rb6+ Ke5 41. Bb7 Qc1+ 42. Kh2 Qc7 43. f4+ Kd4 44. Rxa6 Qxb7 45. Rd6+ Ke3
0-1

[Event "III Festival A"]
[Site "Bisaccia ITA"]
[Date "2011.06.04"]
[Round "5"]
[White "Aleksic, Nenad"]
[Black "Varvaglione, Antonio"]
[Result "1-0"]
[WhiteElo "2355"]
[BlackElo "1932"]
[PlyCount "117"]
[EventDate "2011.06.02"]

1. e4 c5 2. Nf3 d6 3. d4 cxd4 4. Nxd4 Nf6 5. Nc3 a6 6. g3 e5 7. Nde2 Nbd7 8. a4
b6 9. Bg2 Bb7 10. h3 h5 11. Bg5 g6 12. O-O Rc8 13. Qd3 Qc7 14. Bxf6 Nxf6 15.
Nc1 Be7 16. Nb3 O-O 17. Rfe1 Rfd8 18. Nd2 Nd7 19. Nf1 Nc5 20. Qd1 Bg5 21. h4
Bh6 22. Bh3 Rb8 23. Nd5 Bxd5 24. Qxd5 Qb7 25. Qxb7 Rxb7 26. b3 a5 27. Rad1 Na6
28. Ne3 Bxe3 29. Rxe3 Rc7 30. Bf1 Nb4 31. c3 Na2 32. Bc4 b5 33. axb5 a4 34. b6
Rc5 35. b7 Rb8 36. Rxd6 Rxb7 37. Rxg6+ Kf8 38. Ra6 axb3 39. Bxb3 Rxb3 40. Rxa2
Rbxc3 41. Rxc3 Rxc3 42. Ra5 f6 43. Ra4 Kf7 44. Kg2 Rd3 45. Ra2 Kg6 46. f3 Rb3
47. Rf2 Re3 48. Kh3 f5 49. exf5+ Kxf5 50. Kg2 Ra3 51. Rb2 Rc3 52. Rb6 Rc2+ 53.
Kh3 Rc3 54. Rh6 Rxf3 55. Rxh5+ Kf6 56. Rh8 Kf7 57. Ra8 Rf6 58. Ra7+ Kg6 59. Re7
1-0

[Event "III Festival A"]
[Site "Bisaccia ITA"]
[Date "2011.06.04"]
[Round "5"]
[White "Altini, Daniele"]
[Black "Fiore, Antonio"]
[Result "1-0"]
[WhiteElo "2256"]
[BlackElo "1742"]
[PlyCount "62"]
[EventDate "2011.06.02"]

1. d4 Nf6 2. Nf3 e6 3. Bf4 c5 4. e3 b6 5. Bd3 Bb7 6. Nbd2 d5 7. c3 cxd4 8. exd4
Nc6 9. O-O Be7 10. Ne5 Nxe5 11. dxe5 Nd7 12. Re1 a6 13. a4 Nc5 14. Bc2 d4 15.
cxd4 Qxd4 16. Be3 Qd5 17. f3 Rd8 18. Ra3 a5 19. Qe2 Ba6 20. Qf2 Qxe5 21. Rc3
Nd3 22. Bxd3 Rxd3 23. Bxb6 Qd5 24. Rxd3 Bxd3 25. Bd4 O-O 26. Ne4 Rc8 27. Bc3
Bxe4 28. fxe4 Qc4 29. Qg3 Bc5+ 30. Kh1 Bf8 31. Bxa5 Qxa4 1-0

[Event "III Festival A"]
[Site "Bisaccia ITA"]
[Date "2011.06.04"]
[Round "5"]
[White "Altini, Nicola"]
[Black "Lazic, Miroljub"]
[Result "1/2-1/2"]
[WhiteElo "2206"]
[BlackElo "2471"]
[PlyCount "144"]
[EventDate "2011.06.02"]

1. Nf3 d5 2. c4 c6 3. g3 Nf6 4. Bg2 Bg4 5. cxd5 Bxf3 6. Bxf3 cxd5 7. Qb3 Qd7 8.
Nc3 e6 9. d4 Nc6 10. Qa4 Be7 11. O-O O-O 12. Bg5 a6 13. Qd1 b5 14. e3 Rac8 15.
Ne2 Rc7 16. Nf4 h6 17. Bxf6 Bxf6 18. Be2 Be7 19. a4 Nb4 20. axb5 axb5 21. Ra5
Rb8 22. Nd3 Nxd3 23. Bxd3 b4 24. Ra4 Rbc8 25. f4 Ra7 26. Rxa7 Qxa7 27. f5 exf5
28. Bxf5 Re8 29. Qf3 Bg5 30. Qxd5 Bxe3+ 31. Kh1 Bxd4 32. Qc6 Qa8 33. Qxa8 Rxa8
34. Be4 Ra7 35. b3 g6 36. Bd5 Kg7 37. Rf4 Bc5 38. Rc4 Bd6 39. Rc2 f5 40. Kg2
Kf6 41. Re2 Be5 42. Rc2 Bc3 43. Re2 Ra6 44. Bc4 Rd6 45. Ra2 Bd4 46. Rd2 g5 47.
Rd1 g4 48. h3 gxh3+ 49. Kxh3 Kg5 50. Kg2 f4 51. Rd3 fxg3 52. Rxg3+ Kf4 53. Rf3+
Ke5 54. Rh3 Bc3 55. Rd3 Rg6+ 56. Rg3 Rb6 57. Rh3 Bd2 58. Rd3 Bc3 59. Rh3 Ke4
60. Kf2 Be5 61. Re3+ Kf4 62. Rf3+ Kg5 63. Kg2 Rb8 64. Re3 Kf4 65. Rf3+ Ke4 66.
Bd3+ Kd4 67. Bc4 Rb6 68. Kf2 Rg6 69. Rd3+ Ke4 70. Re3+ Kf4 71. Bd3 Rg2+ 72.
Kxg2 Kxe3 1/2-1/2